000
00330 a2200145 4500
001
156973
040
_c
Escola São Tomás de Aquino
100
_a
CULTURA INGLESA
240
1
0
_a
Hats on top nursery
_l
por
245
1
0
_a
Hats on top nursery
300
_a
26 f.
440
1
_a
Cultura Inglesa
697
_a
Infantil 3
942
_c
BK
999
_c
156973
_d
156973